| Tag |
First Indicator |
Second Indicator |
Subfields |
| LEADER |
00000cam a2200000 i 4500 |
| 001 |
in00000011363 |
| 005 |
20151007052039.0 |
| 008 |
800828s1980 ii af b 00110 eng |
| 010 |
|
|
|a 80900762
|
| 020 |
|
|
|c Rs35.00
|
| 035 |
|
|
|a (OCoLC)06735142
|
| 035 |
|
|
|9 AAA6042AM
|
| 040 |
|
|
|a DLC
|c DLC
|d m.c.
|d TXA
|d UtOrBLW
|
| 043 |
|
|
|a a-ii---
|a n-us---
|
| 049 |
|
|
|a TXAM
|c [A12606518]
|
| 050 |
0 |
0 |
|a E183.8.I4
|b K38
|
| 082 |
0 |
|
|a 327.73054
|2 19
|
| 100 |
1 |
|
|a Kaul, Triloki Nath,
|d 1913-
|
| 245 |
1 |
4 |
|a The Kissinger years :
|b Indo-American relations /
|c T. N. Kaul.
|
| 264 |
|
1 |
|a New Delhi :
|b Arnold-Heinemann,
|c 1980.
|
| 300 |
|
|
|a 112 pages, 8 unnumbered leaves of plates :
|b illustrations ;
|c 23 cm.
|
| 336 |
|
|
|a text
|b txt
|2 rdacontent
|
| 337 |
|
|
|a unmediated
|b n
|2 rdamedia
|
| 338 |
|
|
|a volume
|b nc
|2 rdacarrier
|
| 504 |
|
|
|a Bibliography: page [106].
|
| 500 |
|
|
|a Includes index.
|
| 651 |
|
0 |
|a United States
|x Foreign relations
|z India.
|
| 651 |
|
0 |
|a India
|x Foreign relations
|z United States.
|
| 600 |
1 |
0 |
|a Kissinger, Henry,
|d 1923-
|
| 999 |
|
|
|a MARS
|
| 999 |
f |
f |
|s 3f8b4fa5-534c-3ee2-8613-fe9037ce37ff
|i 6929dbfd-21e4-32e0-8d93-6d011b412f17
|t 0
|
| 952 |
f |
f |
|p normal
|a Texas A&M University
|b College Station
|c Sterling C. Evans Library
|d Evans: Library Stacks
|t 0
|e E183.8.I4 K38
|h Library of Congress classification
|i unmediated -- volume
|m A14812606518
|
| 998 |
f |
f |
|a E183.8.I4 K38
|t 0
|l Evans: Library Stacks
|